Basic Concepts of Nursing Procedures (Record no. 142335)

MARC details
000 -LEADER
fixed length control field 00409nam a2200157Ia 4500
008 - FIXED-LENGTH DATA ELEMENTS--GENERAL INFORMATION
fixed length control field 230314s9999 xx 000 0 und d
020 ## - INTERNATIONAL STANDARD BOOK NUMBER
International Standard Book Number 978-93-5270-344-9
041 ## - LANGUAGE CODE
Language code of text/sound track or separate title eng
082 ## - DEWEY DECIMAL CLASSIFICATION NUMBER
Classification number F/610.73/CLE/B09348
100 ## - MAIN ENTRY--PERSONAL NAME
Personal name Clement I
9 (RLIN) 119826
245 ## - TITLE STATEMENT
Title Basic Concepts of Nursing Procedures
260 ## - PUBLICATION, DISTRIBUTION, ETC. (IMPRINT)
Name of publisher, distributor, etc. Jaypee Brothers
Place of publication, distribution, etc. New Delhi
Date of publication, distribution, etc. 2009
300 ## - PHYSICAL DESCRIPTION
Extent 623p
906 ## - LOCAL DATA ELEMENT F, LDF (RLIN)
b 02
Holdings
Withdrawn status Lost status Damaged status Not for loan Collection code Home library Current library Date acquired Vendor Cost, normal purchase price Bill number Total Checkouts Total Renewals Full call number Barcode Date last seen Date last checked out Cost, replacement price Bill Date Koha item type Original Barcode
          Smt. Bakul Tambat Institute of Nursing Education Smt. Bakul Tambat Institute of Nursing Education 09/09/2020 S.K.Kothari,Pune. 1050.00 5251 6 3 F 610.73 CLE B09348 BTIN-BK-9348 06/08/2024 22/07/2024 714.00 21/03/2013 Books B09348